000 00487nam a22001697a 4500
005 20251108173110.0
008 250721s2005 xx 000 0 ara d
082 1 4 _a814/أدو
100 1 _aعودة، حسن
_eمترجم
245 1 0 _aالهوية غير المكتملة /
264 1 _aجبلة :
_bبدايات للطباعة و النشر،
_c2005.
300 _a94ص.
650 1 7 _aالأدب العربي
650 1 7 _aالمقالات
942 _2ddc
_cBK
999 _c96032
_d96032